[Event "BL2-West 0102"]
[Site "Germany"]
[Date "2002.01.20"]
[Round "4.4"]
[White "Grooten, Herman"]
[Black "Mainka, Gregor"]
[Result "1-0"]
[WhiteElo "2374"]
[BlackElo "2345"]
[PlyCount "103"]
[EventDate "2001.10.07"]
[EventType "team-tourn"]
[EventRounds "9"]
[EventCountry "GER"]
[SourceTitle "CBM 088 Extra"]
[Source "ChessBase"]
[SourceDate "2002.07.01"]
[SourceVersion "2"]
[SourceVersionDate "2002.07.01"]
[SourceQuality "1"]
[WhiteTeam "Koeln Porz II"]
[BlackTeam "Essen Borbeck"]
[WhiteTeamCountry "GER"]
[BlackTeamCountry "GER"]

1. d4 e6 2. c4 Bb4+ 3. Bd2 a5 4. e4 d6 5. Nc3 e5 6. a3 Bxc3 7. Bxc3 Nf6 8. f3 exd4 9. Qxd4 Nc6 10. Qf2 Ne5 11. 0-0-0 Qe7 12. Nh3 Be6 13. Nf4 0-0 14. Nd5 Bxd5 15. exd5 Rfe8 16. h3 c6 17. dxc6 bxc6 18. Qd4 Nh5 19. Qxd6 Qg5+ 20. Qd2 Qxd2+ 21. Rxd2 Ng3 22. Rg1 Nxf1 23. Rxf1 Nxc4 24. Rd4 Nb6 25. Rd6 Rec8 26. Rf2 Nd5 27. Rd2 Ne3 28. Re2 Nd5 29. Be1 Nf4 30. Re4 Ne6 31. a4 Kf8 32. Rc4 c5 33. Bc3 Ke7 34. Rb6 Rcb8 35. Rxb8 Rxb8 36. Bxa5 Kd6 37. Bc3 f5 38. Rh4 h6 39. a5 Rb7 40. Ra4 Kc6 41. Kc2 Ra7 42. g4 fxg4 43. fxg4 Kd5 44. Kd3 g5 45. Bd2 Ra6 46. Be3 Nc7 47. Ra1 Rf6 48. h4 Na6 49. Ke2 Re6 50. hxg5 hxg5 51. Rf1 Re4 52. Rf6 1-0